| 000 | 00923cam a2200289 a 4500 | ||
|---|---|---|---|
| 003 | OSt | ||
| 005 | 20240827103540.0 | ||
| 008 | 100526s2010 ii 000 0 eng | ||
| 020 | _a9788125039181 | ||
| 037 | _bLibrary of Congress -- New Delhi Overseas Office | ||
| 040 |
_cSDCL _dSDCL |
||
| 041 | 1 |
_aeng _aEng |
|
| 050 | 0 | 0 | _aV2y7M69 Q0 |
| 100 | 0 | _aGandhi Mohandas Karamchand | |
| 240 | 1 | 0 |
_aHinda swaraj _lEnglish & Hindi |
| 245 | 1 | 0 |
_aM.K. Gandhi's Hind swaraj : _cSharma Suresh Ed, |
| 246 | 3 | 0 | _aHind swaraj |
| 260 |
_aNew Delhi : _bOrient BlackSwan, _c2010. |
||
| 300 |
_axxiv 83 p. _c25 cm. |
||
| 490 | 0 | _aGandhi studies | |
| 546 | _aEnglish and Hindi. | ||
| 650 | 0 |
_aNationalism _zIndia. _9722661 |
|
| 651 | 0 |
_aIndia _xPolitics and government _y1919-1947. _9722662 |
|
| 700 | 1 |
_aSharma, Suresh, _d1945- _9722663 |
|
| 700 | 1 |
_aSuhrud, Tridip, _d1965- _9722664 |
|
| 942 |
_2CC _cTEXL _hV2y7M69 Q0 _n0 |
||
| 999 |
_c1215891 _d1215891 |
||